| 000 | 00420nam a2200133Ia 4500 | ||
|---|---|---|---|
| 008 | 220217s9999||||xx |||||||||||||| ||und|| | ||
| 020 | _a978-81-265-1832-6 | ||
| 082 | _a004.65 TRO | ||
| 100 |
_aTroppen, Ulf, Erkens, Rainer and Muller, Wolfgang _97189 |
||
| 245 | 0 | _aStorage networks explained | |
| 260 |
_aJohn wiely & Sons, Inc _bNew Delhi _c2010 |
||
| 300 |
_aXXXI,400p.;25cm _b339 |
||
| 650 | _aCOMPUTER NETWORK | ||
| 999 |
_c180728 _d180728 |
||